| 000 | 00414nam a2200157Ia 4500 | ||
|---|---|---|---|
| 008 | 221030s9999 xx 000 0 und d | ||
| 041 | _aEnglish | ||
| 082 |
_a105.23 _bVal |
||
| 100 | _aC. G. Valles | ||
| 245 | 0 |
_aCollege Algebra including Elementary Calculus _cby C. G. Valles, K. N. Shah |
|
| 260 |
_bCharotar Pub _aAnand _c0 |
||
| 300 | _a311 | ||
| 650 | _aBE Mathematics | ||
| 700 | _aK. N. Shah | ||
| 942 | _cBK | ||
| 999 |
_c6897 _d6897 |
||